000 00942cam a2200241 4500
001 WB3603-16
008 000000n2000 000 0 eng u
035 _a(Sirsi) u103677
245 _aYoung lose out in housing boom
260 _c2000
490 _aGuardian
_v17 January 2000, 10(1)
490 _aIndependent
_v18 Januaty 2000, 10(1)
520 _aA Mori survey carried out on behalf of the National Housing Federation and the Chartered Institute of Housing suggests that a majority of people polled in the south-east believe that the next generation will not be able to afford to buy a home. The poll was carried out to launch the 'Our Homes, Our Future' campaign.
590 _aWB
650 _aMORI
650 _aSURVEYS
650 _aFORECASTS
650 _aHOUSING MARKET
650 _aNATIONAL HOUSING FEDERATION
650 _aCIH
690 _aPROPERTY-RESIDENTIAL PROPERTY-RESIDENTIAL PROPERTY MARKET
942 _n0
999 _c62254
_d62254